Normal view
MARC view
Entry Personal Name
001 - CONTROL NUMBER
- control field: 2162
003 - CONTROL NUMBER IDENTIFIER
- control field: OSt
005 - DATE AND TIME OF LATEST TRANSACTION
- control field: 20211025073307.0
008 - FIXED-LENGTH DATA ELEMENTS
- fixed length control field: 211025|| aca||aabn | a|a d
040 ## - CATALOGING SOURCE
- Original cataloging agency: OSt
- Transcribing agency: OSt
100 ## - HEADING--PERSONAL NAME
- Personal name: Mengele, Josef,
- Dates associated with a name: 1911-1979
670 ## - SOURCE DATA FOUND
- Source citation: Work cat.: (OSt)0: Nyiszli, Miklós, 1901-1956 aut 2161, Bol som Mengeleho asistentom